000 00300nam a2200133Ia 4500
008 090123s9999 xx 000 0 und d
082 _b25053
245 _aTHE VISION JULY-1943
250 _a0
300 _a316
630 _aTHE VISION JULY-1943
730 _aTHE VISION JULY-1943
942 _cBOOK
999 _c63124
_d63124